Hydraulics and hydraulic machines / (Record no. 78463)

MARC details
000 -LEADER
fixed length control field 00718nam a22002177a 4500
005 - DATE AND TIME OF LATEST TRANSACTION
control field 20130902110420.0
010 ## - LCCN (DPL NO)
LC control number ENG-108282
020 ## - INTERNATIONAL STANDARD BOOK NUMBER
Terms of availability 395.00
International Standard Book Number 9788120347991
035 ## - SYSTEM CONTROL NUMBER
System control number EN-91815
037 ## - SOURCE OF ACQUISITION
Source of stock number/acquisition DBAD/PUB
082 ## - DEWEY DECIMAL CLASSIFICATION NUMBER
Classification number 620.106
100 ## - MAIN ENTRY--PERSONAL NAME
Personal name Das, Madan Mohan
245 ## - TITLE STATEMENT
Title Hydraulics and hydraulic machines /
Statement of responsibility, etc by Madan Mohan Das, Mimi Das Saika [and] Bhargab Mohan Das
260 ## - PUBLICATION, DISTRIBUTION, ETC. (IMPRINT)
Place of publication, distribution, etc Delhi
Name of publisher, distributor, etc PHI Learning
Date of publication, distribution, etc 2013
270 ## - ADDRESS
Address Rimjhim House , 111, Patparganj Industrial Estate,
City Delhi
Postal code 110092
300 ## - PHYSICAL DESCRIPTION
Extent xxi,538p.
Dimensions 24cm(pbk)
500 ## - GENERAL NOTE
General note Includes bibliographical references and index
700 ## - ADDED ENTRY--PERSONAL NAME
Personal name Saikia, Mimi Das
700 ## - ADDED ENTRY--PERSONAL NAME
Personal name Das, Bhargab Mohan
942 ## - ADDED ENTRY ELEMENTS (KOHA)
Source of classification or shelving scheme Dewey Decimal Classification
Item type English Books
Call number suffix DAS
Classification part 620.106
Holdings
Withdrawn status Lost status Not for loan Collection code Home library Current library Date acquired Source of acquisition Cost, normal purchase price Full call number Barcode Copy number Cost, replacement price Koha item type
    Not For Loan Non-fiction D.B.Act.Division D.B.Act.Division 07/08/2013 DBAD/PUB 395.00 620.106 DAS EN-91815 1 395.00 English Books

© Delhi Public Library
Hit Counter
free hit counter